| 000 | 00663nam a2200229Ia 4500 | ||
|---|---|---|---|
| 005 | 20230114142342.0 | ||
| 008 | 131103s9999 xx 000 0 und d | ||
| 040 | _aLoreto College | ||
| 041 | _aEnglish | ||
| 082 |
_a954 _bCHA |
||
| 100 | _aChand, Tara | ||
| 245 | 2 |
_aA short history of the Indian people _b From the earliest times to the present day _cTara Chand |
|
| 250 | _a5th edition | ||
| 260 |
_aKolkata _bMacmillan Co. Limited _c1969 |
||
| 300 |
_axi, 464 p. _b Maps, illus |
||
| 504 | _aIncludes appendix and index | ||
| 630 | _aIndia - History | ||
| 650 | _aHistory - | ||
| 651 | _aHistory - India People - | ||
| 850 | _aLCLIB | ||
| 942 | _cBK | ||
| 999 |
_c1076 _d51555 |
||